书目信息 |
| 题名: |
考研数学复习指南·理工类
|
|
| 作者: | 潘正义 主编 | |
| 分册: | ||
| 出版信息: | 北京 世界图书出版公司 2010.02 |
|
| 页数: | 158页 | |
| 开本: | 26cm | |
| 丛书名: | ||
| 单 册: | ||
| 中图分类: | O31-62 | |
| 科图分类: | ||
| 主题词: | 理论力学 , 一般力学 | |
| 电子资源: | ||
| ISBN: | 978-7-5062-5211-9 | |
| 000 | 00627nam0 2200205 45 | |
| 001 | 1338497390 | |
| 005 | 20131028104228.00 | |
| 010 | @a978-7-5062-5211-9@dCNY56.80@z978-7-5062-5211-2 | |
| 100 | @a20040309d2010 km y0chiy0120 ea | |
| 101 | 0 | @achi |
| 102 | @aCN@b110000 | |
| 200 | 1 | @a考研数学复习指南·理工类@Akao yan shu xue fu xi zhi nan·li gong lei@f潘正义主编@Fpan zheng yi zhu bian |
| 210 | @a北京@c世界图书出版公司@d2010.02 | |
| 215 | @a158页@d26cm | |
| 606 | 0 | @a理论力学 |
| 606 | 0 | @a一般力学 |
| 690 | @aO31-62@v3 | |
| 701 | 0 | @a潘正义@Apan zheng yi@4主编 |
| 801 | 0 | @aCN@bPFT@c20110617 |
| 905 | @a10447@dO31-62@eC580 | |
| 考研数学复习指南·理工类/潘正义主编.-北京:世界图书出版公司,2010.02 |
| 158页;26cm |
| ISBN 978-7-5062-5211-9:CNY56.80 |
| ● |
| 相关链接 |
|
|
|
正题名:考研数学复习指南·理工类
索取号:O31-62/C580
 
预约/预借
| 序号 | 登录号 | 条形码 | 馆藏地/架位号 | 状态 | 备注 |
| 1 | 492079 | 204920791 | 自科库401/401自科库 82排1列3层/ [索取号:O31-62/C580] | 在馆 |